Voltage stabilized supplies (Record no. 4605)

MARC details
000 -LEADER
fixed length control field 00535nam a2200181Ia 4500
003 - CONTROL NUMBER IDENTIFIER
control field IN-BaIIA
008 - FIXED-LENGTH DATA ELEMENTS--GENERAL INFORMATION
fixed length control field 211028s9999 xx 000 0 eng d
040 ## - CATALOGING SOURCE
Transcribing agency IIA Library
080 ## - UNIVERSAL DECIMAL CLASSIFICATION NUMBER
Universal Decimal Classification number 621.316.722
Item number BEN
100 ## - MAIN ENTRY--PERSONAL NAME
Personal name Benson, F. A
9 (RLIN) 2654
245 #0 - TITLE STATEMENT
Title Voltage stabilized supplies
Remainder of title basic principles, characteristics and applications
Statement of responsibility, etc. F. A. Benson
260 ## - PUBLICATION, DISTRIBUTION, ETC.
Place of publication, distribution, etc. London
Name of publisher, distributor, etc. MacDonald
Date of publication, distribution, etc. 1957
300 ## - PHYSICAL DESCRIPTION
Extent 370p.
650 ## - SUBJECT ADDED ENTRY--TOPICAL TERM
Topical term or geographic name entry element  Current Regulators
9 (RLIN) 8130
650 ## - SUBJECT ADDED ENTRY--TOPICAL TERM
Topical term or geographic name entry element  Voltage Regulators 
9 (RLIN) 8131
650 ## - SUBJECT ADDED ENTRY--TOPICAL TERM
Topical term or geographic name entry element NASA Thesaurus 
942 ## - ADDED ENTRY ELEMENTS (KOHA)
Koha item type Books
Holdings
Withdrawn status Lost status Damaged status Not for loan Home library Current library Shelving location Date acquired Total Checkouts Full call number Barcode Date last seen Price effective from Koha item type
        IIA Library-Bangalore IIA Library-Kavalur General Stacks     621.316.722/ BEN 5138 05/11/2021   Books

Powered by Koha